Contributions to the method of lie series (Record no. 589353)

MARC details
000 -LEADER
fixed length control field 00826nam a2200253Ia 4500
003 - CONTROL NUMBER IDENTIFIER
control field OSt
005 - DATE AND TIME OF LATEST TRANSACTION
control field 20250807121812.0
008 - FIXED-LENGTH DATA ELEMENTS--GENERAL INFORMATION
fixed length control field 220923b |||||||| |||| 00| 0 eng d
037 ## - SOURCE OF ACQUISITION
Terms of availability Reference
040 ## - CATALOGING SOURCE
Original cataloging agency RTL
Transcribing agency RTL
Language of cataloging eng
041 ## - LANGUAGE CODE
Source of code eng
Language code of text/sound track or separate title eng
084 ## - COLON CLASSIFICATION NUMBER
Classification number B36 K7/SC
Assigning agency RTL
245 #0 - TITLE STATEMENT
Title Contributions to the method of lie series
260 ## - PUBLICATION, DISTRIBUTION, ETC.
Place of publication, distribution, etc. Mannheim
Name of publisher, distributor, etc. Bibliographisches Institute
Date of publication, distribution, etc. 1967
300 ## - PHYSICAL DESCRIPTION
Extent 265 p.
Other physical details Includes bibliographical reference and index
500 ## - GENERAL NOTE
General note Bibliography :P.255-259
650 ## - SUBJECT ADDED ENTRY--TOPICAL TERM
Topical term or geographic name entry element Differential equations, Elliptic
9 (RLIN) 817434
650 ## - SUBJECT ADDED ENTRY--TOPICAL TERM
Topical term or geographic name entry element Equations differentials non Linearis
9 (RLIN) 817435
650 ## - SUBJECT ADDED ENTRY--TOPICAL TERM
Topical term or geographic name entry element Mathematics
700 ## - ADDED ENTRY--PERSONAL NAME
Personal name Grobner, W.
9 (RLIN) 296040
Relator term Editor
700 ## - ADDED ENTRY--PERSONAL NAME
Personal name Knapp, H.
Relator term Editor
9 (RLIN) 296040
942 ## - ADDED ENTRY ELEMENTS (KOHA)
Classification part B36 K7/SC
Koha item type Reference
Source of classification or shelving scheme Colon Classification (CC)
Suppress in OPAC No
Holdings
Withdrawn status Lost status Source of classification or shelving scheme Damaged status Not for loan Home library Current library Date acquired Total Checkouts Full call number Barcode Date last seen Price effective from Koha item type
    Colon Classification (CC)     Ratan Tata Library Ratan Tata Library 2022-09-25   B36 K7/SC RT1413895 2022-09-25 2022-09-25 Reference
Copyright @ Delhi University Library System